00731nam a2200241 a 4500001001300000003000900013005001700022008004100039020002300080082001400103100002200117245003400139260005500173300000900228500003500237505002200272650001400294700002200308902000800330942000700338952012700345999001700472nice12345678IN_TiNIC20260116014632.0070319s2003 newa grp 000 0 eng  a8121510813 c30000a190bCHA1 aChatterjee, Amita aPerspectives on Consciousness aNew Delhi bMunshiram Manoharlal Publishers c2003 a190p aincludes index and biblioraphy2 areferences, index aPhilology1 aChatterjee, Amita bSRS cBK 001040708StackRoom-aHMIbHMId2007-03-19g300.00l3o190 CHA1p021997r2019-08-20s2019-08-08v300.00w2007-03-19yBK c16322d16322